<?xml version="1.0" encoding="UTF-8"?>
<record
    xmlns:xsi="http://www.w3.org/2001/XMLSchema-instance"
    xsi:schemaLocation="http://www.loc.gov/MARC21/slim http://www.loc.gov/standards/marcxml/schema/MARC21slim.xsd"
    xmlns="http://www.loc.gov/MARC21/slim">

  <leader>01256nam0a22002531  4500</leader>
  <controlfield tag="001">rc\1150172</controlfield>
  <controlfield tag="005">20260405053354.0</controlfield>
  <datafield tag="035" ind1=" " ind2=" ">
    <subfield code="a">(NLR Aleph) 006395680</subfield>
  </datafield>
  <datafield tag="090" ind1=" " ind2=" ">
    <subfield code="a">5192811</subfield>
    <subfield code="c">5192811</subfield>
  </datafield>
  <datafield tag="100" ind1=" " ind2=" ">
    <subfield code="a">20041129d1980    |||y0rusy50      ca</subfield>
  </datafield>
  <datafield tag="101" ind1="0" ind2=" ">
    <subfield code="a">rus</subfield>
  </datafield>
  <datafield tag="102" ind1=" " ind2=" ">
    <subfield code="a">RU</subfield>
  </datafield>
  <datafield tag="105" ind1=" " ind2=" ">
    <subfield code="a">a   |||||||||</subfield>
  </datafield>
  <datafield tag="200" ind1="1" ind2=" ">
    <subfield code="a">&#x41C;&#x435;&#x442;&#x440;&#x43E;&#x43B;&#x43E;&#x433;&#x438;&#x44F; - &#x441;&#x43B;&#x443;&#x436;&#x431;&#x430;&#x43C; &#x437;&#x434;&#x43E;&#x440;&#x43E;&#x432;&#x44C;&#x44F;</subfield>
    <subfield code="e">&#x422;&#x435;&#x437;. &#x438; &#x440;&#x435;&#x444;. &#x434;&#x43E;&#x43A;&#x43B;. I &#x440;&#x435;&#x441;&#x43F;. &#x43D;&#x430;&#x443;&#x447;.-&#x442;&#x435;&#x445;&#x43D;. &#x441;&#x43E;&#x432;&#x435;&#x449;. [&#x433;. &#x411;&#x43E;&#x440;&#x436;&#x43E;&#x43C;&#x438;, 23-25 &#x441;&#x435;&#x43D;&#x442;. 1980 &#x433;.</subfield>
    <subfield code="f">&#x420;&#x435;&#x434;&#x43A;&#x43E;&#x43B;.: &#x413;.&#x411;. &#x41A;&#x43E;&#x440;&#x435;&#x43D;&#x435;&#x446;&#x43A;&#x438;&#x439; (&#x43D;&#x430;&#x443;&#x447;. &#x438; &#x43E;&#x442;&#x432;. &#x440;&#x435;&#x434;.) &#x438; &#x434;&#x440;.]</subfield>
  </datafield>
  <datafield tag="210" ind1=" " ind2=" ">
    <subfield code="a">&#x422;&#x431;&#x438;&#x43B;&#x438;&#x441;&#x438;</subfield>
    <subfield code="c">&#x411;. &#x438;.</subfield>
    <subfield code="d">1980</subfield>
  </datafield>
  <datafield tag="215" ind1=" " ind2=" ">
    <subfield code="a">148 &#x441;.</subfield>
    <subfield code="c">&#x438;&#x43B;.</subfield>
    <subfield code="d">20</subfield>
  </datafield>
  <datafield tag="300" ind1=" " ind2=" ">
    <subfield code="a">&#x412; &#x43D;&#x430;&#x434;&#x437;&#x430;&#x433;.: &#x411;&#x43E;&#x440;&#x436;&#x43E;&#x43C;. &#x440;&#x430;&#x439;&#x43E;&#x43D;. &#x43A;&#x43E;&#x43C;. &#x41A;&#x41F; &#x413;&#x440;&#x443;&#x437;&#x438;&#x438;, &#x420;&#x435;&#x441;&#x43F;. &#x441;&#x43E;&#x432;&#x435;&#x442; &#x43D;&#x430;&#x443;&#x447;.-&#x442;&#x435;&#x445;&#x43D;. &#x43E;-&#x432; (&#x420;&#x421;&#x41D;&#x422;&#x41E;) &#x413;&#x440;&#x443;&#x437;&#x438;&#x438;, &#x413;&#x440;&#x443;&#x437;. &#x440;&#x435;&#x441;&#x43F;. &#x438; &#x41B;&#x435;&#x43D;&#x438;&#x43D;&#x433;&#x440;. &#x43E;&#x431;&#x43B;. &#x43F;&#x440;&#x430;&#x432;&#x43B;. (&#x413;&#x420;&#x41F; &#x438; &#x41B;&#x41E;&#x41F;) &#x41D;&#x422;&#x41E; &#x43F;&#x440;&#x438;&#x431;&#x43E;&#x440;&#x43F;&#x440;&#x43E;&#x43C; &#x438;&#x43C;. &#x421;.&#x418;. &#x412;&#x430;&#x432;&#x438;&#x43B;&#x43E;&#x432;&#x430; &#x438; &#x434;&#x440;.</subfield>
  </datafield>
  <datafield tag="320" ind1=" " ind2=" ">
    <subfield code="a">&#x411;&#x438;&#x431;&#x43B;&#x438;&#x43E;&#x433;&#x440;. &#x432; &#x43A;&#x43E;&#x43D;&#x446;&#x435; &#x434;&#x43E;&#x43A;&#x43B;.</subfield>
  </datafield>
  <datafield tag="702" ind1=" " ind2="1">
    <subfield code="4">340</subfield>
    <subfield code="8">rus</subfield>
    <subfield code="7">ca</subfield>
    <subfield code="a">&#x41A;&#x43E;&#x440;&#x435;&#x43D;&#x435;&#x446;&#x43A;&#x438;&#x439;</subfield>
    <subfield code="b">&#x413;. &#x411;.</subfield>
    <subfield code="f">1931-2013</subfield>
    <subfield code="g">&#x413;&#x43B;&#x435;&#x431; &#x411;&#x43E;&#x440;&#x438;&#x441;&#x43E;&#x432;&#x438;&#x447;</subfield>
    <subfield code="3">RU\NLR\AUTH\7717214</subfield>
    <subfield code="9">304</subfield>
  </datafield>
  <datafield tag="801" ind1=" " ind2="0">
    <subfield code="a">RU</subfield>
    <subfield code="b">NLR</subfield>
    <subfield code="g">psbo</subfield>
  </datafield>
  <datafield tag="801" ind1=" " ind2="1">
    <subfield code="a">RU</subfield>
    <subfield code="b">ELAR</subfield>
    <subfield code="2">rusmarc</subfield>
  </datafield>
  <datafield tag="852" ind1=" " ind2=" ">
    <subfield code="a">NLR</subfield>
    <subfield code="j">81-3/1281</subfield>
  </datafield>
  <datafield tag="942" ind1=" " ind2=" ">
    <subfield code="c">BOOK</subfield>
  </datafield>
  <datafield tag="980" ind1=" " ind2=" ">
    <subfield code="a">NB</subfield>
  </datafield>
  <datafield tag="995" ind1=" " ind2=" ">
    <subfield code="5">2013-10-26</subfield>
    <subfield code="b">NLR01</subfield>
    <subfield code="c">NLR01</subfield>
    <subfield code="e">RF9</subfield>
    <subfield code="f">6395680-10</subfield>
    <subfield code="k">81-3/1281</subfield>
    <subfield code="o">0</subfield>
    <subfield code="r">BOOK</subfield>
    <subfield code="s">8131281_</subfield>
  </datafield>
</record>
